000 00581nam a2200217Ia 4500
003 OSt
005 20220926045619.0
006 a|||||r|||| 00| 0
007 ta
008 220923b |||||||| |||| 00| 0 eng d
037 _cGeneral Book
040 _aRTL
_cRTL
_beng
041 _2eng
_aeng
082 _aY73(Q2).N, F6
100 _aSANYASI Shradhananda
_9350450
245 0 _aHindu sangathan
_b Saviour of the dying race
260 _c1926
300 _a141p
_ccm.
942 _hY73(Q2).N, F6
_cGB
_2CC
999 _c678119
_d678119